Fundamentals of multi-media / (Record no. 10717)
[ view plain ]
| 000 -LEADER | |
|---|---|
| fixed length control field | 00642nam a22002172 4500 |
| 001 - CONTROL NUMBER | |
| control field | 0000003993 |
| 005 - DATE AND TIME OF LATEST TRANSACTION | |
| control field | 20151217154343.0 |
| 008 - FIXED-LENGTH DATA ELEMENTS--GENERAL INFORMATION | |
| fixed length control field | 070517s xx 000 0 eng d |
| 020 ## - INTERNATIONAL STANDARD BOOK NUMBER | |
| International Standard Book Number | 8120328175 : |
| Terms of availability | KES 2,500 |
| 040 ## - CATALOGING SOURCE | |
| Original cataloging agency | KABU |
| Transcribing agency | KABU |
| 050 #0 - LIBRARY OF CONGRESS CALL NUMBER | |
| Classification number | QA76.575 |
| Item number | .L5 |
| 100 1# - MAIN ENTRY--PERSONAL NAME | |
| Personal name | Li, Ze-Nian. |
| -- | 0000154297 |
| 245 10 - TITLE STATEMENT | |
| Title | Fundamentals of multi-media / |
| Statement of responsibility, etc. | Ze-Nian Li and Mark S. Drew. |
| 260 ## - PUBLICATION, DISTRIBUTION, ETC. (IMPRINT) | |
| Place of publication, distribution, etc. | New Delhi : |
| Name of publisher, distributor, etc. | Prentice Hall, |
| Date of publication, distribution, etc. | 2004. |
| 300 ## - PHYSICAL DESCRIPTION | |
| Extent | xvi, 560 p. |
| 650 #0 - SUBJECT ADDED ENTRY--TOPICAL TERM | |
| Topical term or geographic name as entry element | Multimedia systems. |
| -- | 0000148337 |
| 700 1# - ADDED ENTRY--PERSONAL NAME | |
| Personal name | Drew, Mark S. |
| -- | 0000154298 |
| 908 ## - PUT COMMAND PARAMETER (RLIN) | |
| Put command parameter | 070517 |
| 950 ## - LOCAL HOLDINGS (RLIN) | |
| -- | 1 |
| Withdrawn status | Lost status | Source of classification or shelving scheme | Not for loan | Home library | Current library | Date acquired | Total Checkouts | Full call number | Barcode | Date last seen | Date last checked out | Price effective from | Koha item type |
|---|---|---|---|---|---|---|---|---|---|---|---|---|---|
| Library of Congress Classification | Kabarak, Main Campus | Kabarak, Main Campus | 17/12/2015 | 1 | QA76.575 .L5 | 002709 | 14/06/2024 | 27/05/2024 | 17/12/2015 | General Collection |